000 00809nam0a22002531 4500
001 rc\347360
005 20260406061445.0
010 _a5-280-00667-X
_9100000
035 _a(NLR Aleph) 005590552
090 _a6207862
_c6207862
100 _a20030307d1989 |||y0rusy50 ca
101 0 _arus
102 _aRU
105 _ay |||||||||
200 1 _aБарьер
_aИзмерения
_e[Повести]
_aВесы
_e[Роман]
_eПер. с болг.
_fПавел Вежинов
210 _aМ.
_cХудож. лит.
_d1989
215 _a398 с.
_d21
225 1 _aСерия "Новый мир"
700 1 _4070
_8rus
_7ca
_aВежинов
_bП.
_f1914-1983
_gПавел
_3RU\NLR\auth\7711686
_9121427
801 0 _aRU
_bNLR
_gpsbo
801 1 _aRU
_bELAR
_2rusmarc
852 _aNLR
_j89-3/644
942 _cBOOK
980 _aNB